000 00505nam a2200181Ia 4500
999 _c5836
_d5836
020 _a978-0-19-568921-1
082 _a320.954 GLO-
245 0 _aGlobalization and politics in India
260 _aNew Delhi
_bOxford University Press
_c2007
300 _axx, 590
440 _aThemes in politics
504 _aIncludes bibliography and index
650 _aGlobalization
650 _aIndia
_vPolitics and government
650 _aIndia
_vEconomic conditions
700 _aNayar, Baldev Raj
942 _cBK